5-Letter Movie Chain #3 - Statistics

General Stats
  • This quiz has been taken 39,330 times
  • The average score is 14 of 22
Answer Stats
Hint Answer % Correct
The cowboy from "Toy Story" Woody
94%
"Every time a bell rings an _____ gets his wings" Angel
89%
Pennywise is an evil one of these Clown
81%
Titillating Channing Tatum movie: _____ Mike Magic
79%
Body part that Hannibal Lecter ate with some fava beans and a nice chianti Liver
77%
Unauthorized James Bond film from 1983: _____ Say ____ Again Never
76%
_____ and Confused Dazed
74%
Most of "Inception" happens inside one Dream
71%
A kraken resembles a giant one of these Squid
71%
They are alive with the sound of music Hills
69%
Canadian territory where "The Call of the Wild" takes place Yukon
64%
City where "Parasite" takes place Seoul
61%
Star of "Blue Hawaii" and "Viva Las Vegas" Elvis
60%
Marilyn Monroe's real first name Norma
57%
Revenge of the _____ Nerds
55%
O'Donnell or Perez Rosie
55%
Frodo rode one of these out of Mordor Eagle
52%
He was prominently featured in the Soviet movie "October: Ten Days That Shook the World" Lenin
43%
Bill is to Ted as Wayne is to _____ Garth
41%
One-named singer who starred as a baddy in "Dune" (1984) Sting
41%
____ Momma from the Train Throw
35%
Clark Gable's character in "Gone With the Wind" Rhett
34%
No matching quizzes found
Score Distribution
Percent of People with Each Score
Percentile by Number Answered
Your Score History
You have not taken this quiz